I Love It - Icona Pop Feat. Charli xcx - All Lyrics - Statistics

General Stats
  • This quiz has been taken 338 times
  • The average score is 277 of 303
Answer Stats
Answer % Correct
I
100%
it
99%
it,
99%
love
99%
don't
98%
you
98%
You
98%
a
97%
car
97%
care!
97%
in
97%
the
97%
your
96%
my
95%
into
94%
on
94%
bridge,
93%
bridge
93%
and
91%
down
91%
to
91%
when
91%
crashed
90%
let
89%
stairs
89%
got
88%
this
88%
we
88%
summer
87%
burn
86%
I'm
86%
You're
86%
You’re
86%
day
85%
pushed
85%
were
85%
but
84%
feeling
84%
bag
83%
gone
83%
shit
81%
'90s
80%
bitch
80%
Way
80%
'70s,
79%
threw
78%
Milky
77%
so
77%
different
76%
from
76%
watched,
76%
me
75%
Earth,
74%
kill
73%
space
73%
up
72%
am
71%
hard
71%
want
70%
damn
68%
road,
68%
please,
62%
gotta
61%
switch
60%
No matching quizzes found
Score Distribution
Percent of People with Each Score
Percentile by Number Answered
Your Score History
You have not taken this quiz